|
|
|
|
| LEADER |
00000nam0a2200000 4500 |
| 001 |
161842 |
| 005 |
20231101222300.0 |
| 010 |
|
|
|a 9789854752891
|
| 035 |
|
|
|a (RuTPU)RU\TPU\book\175510
|
| 090 |
|
|
|a 161842
|
| 100 |
|
|
|a 20090615d2007 m y0rusy50 ca
|
| 101 |
0 |
|
|a rus
|
| 102 |
|
|
|a BY
|
| 105 |
|
|
|a a j 001zy
|
| 200 |
1 |
|
|a Теория вероятностей и математическая статистика: примеры и задачи
|e учебное пособие
|f И. В. Белько, Г. П. Свирид
|
| 205 |
|
|
|a 3-е изд., стер.
|
| 210 |
|
|
|a Минск
|c Новое знание
|d 2007
|
| 215 |
|
|
|a 251 с.
|c ил.
|
| 320 |
|
|
|a Библиогр.: с. 245.
|
| 330 |
|
|
|a Книга позволяет легко и быстро овладеть практическими навыками решения задач. Каждый параграф начинается с основных определений и соответствующих формул. Приведены решения типовых примеров, а также задания для самостоятельной подготовки.
|
| 606 |
1 |
|
|a Вероятностей теория и математическая статистика
|2 stltpush
|3 (RuTPU)RU\TPU\subj\2260
|9 30847
|
| 610 |
1 |
|
|a теория вероятностей
|
| 610 |
1 |
|
|a задачи
|
| 610 |
1 |
|
|a схема испытаний Бернулли
|
| 610 |
1 |
|
|a случайные величины
|
| 610 |
1 |
|
|a законы распределения
|
| 610 |
1 |
|
|a многомерные случайные величины
|
| 610 |
1 |
|
|a закон больших чисел
|
| 610 |
1 |
|
|a вариационные ряды
|
| 610 |
1 |
|
|a генеральная совокупность
|
| 610 |
1 |
|
|a статистические гипотезы
|
| 610 |
1 |
|
|a однофакторный дисперсный анализ
|
| 610 |
1 |
|
|a корреляционный анализ
|
| 610 |
1 |
|
|a регрессионный анализ
|
| 610 |
1 |
|
|a учебные пособия
|
| 675 |
|
|
|a 519.2(075.8)
|v 3
|
| 700 |
|
1 |
|a Белько
|b И. В.
|g Иван Васильевич
|
| 701 |
|
1 |
|a Свирид
|b Г. П.
|g Георгий Петрович
|
| 801 |
|
1 |
|a RU
|b 63413507
|c 20090615
|g PSBO
|
| 801 |
|
2 |
|a RU
|b 63413507
|c 20150507
|g RCR
|
| 942 |
|
|
|c BK
|
| 959 |
|
|
|a 70/20090615
|d 7
|e 121,00
|f АНЛ:1
|f ЧЗТЛ:1
|f УФ:5
|